Le silence de dieu: dans la litterature contemporaine
محفوظ في:
| المؤلف الرئيسي: | |
|---|---|
| التنسيق: | كتاب |
| اللغة: | الفرنسية |
| منشور في: |
París
Centurion
1955
|
| سلاسل: | Collection Le Poids du Jour
|
| الموضوعات: | |
| الوسوم: |
إضافة وسم
لا توجد وسوم, كن أول من يضع وسما على هذه التسجيلة!
|
MARC
| LEADER | 00000nam a2200000 a 4500 | ||
|---|---|---|---|
| 001 | UCU3293 | ||
| 003 | CL-VaPUC | ||
| 008 | 960510e19550000FR |||||||||||||||||fre|d | ||
| 082 | 0 | 4 | |a 844 |b BAR |2 21 |
| 100 | 0 | |a Barjon, Louis |e author |9 360173 | |
| 245 | 1 | 3 | |a Le silence de dieu: dans la litterature contemporaine |
| 300 | |a 196 p | ||
| 942 | |c BK | ||
| 945 | |d 19960510 00:00:00 |a rbrito | ||
| 260 | |a París |b Centurion |c 1955 | ||
| 650 | 0 | |a Literatura francesa |9 266330 | |
| 650 | 0 | |a Ensayos franceses |9 265511 | |
| 583 | |a last modification |c 19960510 00:00:00 |k Rodrigo Vera | ||
| 490 | 0 | |a Collection Le Poids du Jour | |
| 999 | |c 247357 |d 247355 | ||
| 952 | |0 0 |1 0 |4 0 |6 844_000000000000000_BAR_1955 |7 0 |8 A |9 263239 |a BIBEDU |b BIBEDU |d 2019-11-19 |i 3186849 |o 844 BAR 1955 |p 3186849 |r 2019-11-19 |w 2019-11-19 |y BK |k LIT | ||